| 000 | 00618nam a2200193Ia 4500 | ||
|---|---|---|---|
| 001 | 14659 | ||
| 003 | GE_BSU | ||
| 008 | 181216s||||||||xx |||||||||||||| ||und|| | ||
| 040 | _cGE_BSU | ||
| 100 | _aნონეშვილი,იოსებ | ||
| 245 | _aმხოლოდ ლირიკა | ||
| 245 | _cრედ.ი.ივარდავა.მხატვ.გ.ღლონტი | ||
| 260 | _aთბილისი | ||
| 260 | _bსაბჭოთა საქართველო | ||
| 260 | _c1972 | ||
| 300 | _a320გვ.1ფ.17სმ. | ||
| 653 | _aმხოლოდ ლირიკა | ||
| 942 | _cBK | ||
| 999 |
_c47785 _d47785 |
||